000 00300nam a2200121Ia 4500
005 20251222154334.0
008 251222s9999||||xx |||||||||||||| ||spa||
020 _a84-495-0035-4
082 _a868.42/F41
100 _a"Fernández de Moratin, Leandro"
245 0 _aEl sí de las niñas
942 _cLIB
999 _c34277
_d34277